Les afriques : (Record no. 1336)
[ view plain ]
| 000 -LEADER | |
|---|---|
| campo de control de longitud fija | 01359nam a22002057a 4500 |
| 008 - DATOS DE LONGITUD FIJA--INFORMACIÓN GENERAL | |
| campo de control de longitud fija | 171028s2004 fr||||| |||| 00| 0 fra d |
| 020 ## - NÚMERO INTERNACIONAL ESTÁNDAR DEL LIBRO | |
| Número Internacional Estándar del Libro | 2746706210 |
| 082 04 - NÚMERO DE LA CLASIFICACIÓN DECIMAL DEWEY | |
| Número de clasificación | 709.6 |
| Número de ítem | S954a |
| 100 1# - ENTRADA PRINCIPAL--NOMBRE DE PERSONA | |
| Nombre de persona | Sultan, Olivier. |
| 9 (RLIN) | 6062 |
| 245 14 - MENCIÓN DEL TÍTULO | |
| Título | Les afriques : |
| Resto del título | 36 artistes contemporains / |
| Mención de responsabilidad, etc. | Olivier Sultan ; Musée des Arts derniers. |
| 250 ## - MENCION DE EDICION | |
| Mención de edición | 1a edición. |
| 260 ## - PUBLICACIÓN, DISTRIBUCIÓN, ETC. | |
| Lugar de publicación, distribución, etc. | 1a edición : |
| Nombre del editor, distribuidor, etc. | Éditions Autrement, |
| Fecha de publicación, distribución, etc. | 2004. |
| 300 ## - DESCRIPCIÓN FÍSICA | |
| Extensión | 160 páginas : |
| Otras características físicas | ilustraciones en color. |
| 505 0# - NOTA DE CONTENIDO CON FORMATO | |
| Título | Avant-propos |
| Mención de responsabilidad | Olivier Sultan. |
| Título | Préface: L'histoire de l'art contemporain africain |
| Mención de responsabilidad | Simon Njami. |
| Título | Artistas: Fanizani Akuda, Luis Basto, Jean-Michel Basquiat, Philippe Berry, Mickaël Bethe-Sélassié, Berry Bickle, Joe Big-Big, Frédéric Bruly Bouabré, Christophe, Soly Cissé, Bruce Clarke, Robert Combas, Charly D'Almeida, Depara, Richard Di Rosa, Calvin Dondo, Ernest Dükü, Samuel Fosso, Meek Gichugu, Seydou Keita, Bodys Isek Kingelez, Kisito, Collen Madamonbe, Moke, Orlan, Chéri Samba, Malick Sidibé, Ousmane Sow, Sultan, Tchif, Pape Teigne Diouf, Zephania Tshuma, Twins Seven Seven, Martial Verdier, Duncan Wylie y Gavin Younge. |
| -- | Expositions majeures d'art africain contemporain depuis 1989. |
| 653 10 - TÉRMINO DE INDIZACIÓN--NO CONTROLADO | |
| Término no controlado | Arte contemporáneo |
| 653 10 - TÉRMINO DE INDIZACIÓN--NO CONTROLADO | |
| Término no controlado | Arte - África |
| 653 10 - TÉRMINO DE INDIZACIÓN--NO CONTROLADO | |
| Término no controlado | Arte internacional |
| 653 10 - TÉRMINO DE INDIZACIÓN--NO CONTROLADO | |
| Término no controlado | Artistas visuales |
| 710 1# - ENTRADA AGREGADA--NOMBRE DE ENTIDAD CORPORATIVA | |
| Nombre de entidad corporativa o nombre de jurisdicción como elemento de entrada | Musée des Arts derniers. |
| 9 (RLIN) | 6063 |
| Estatus retirado | Estado de pérdida | Fuente del sistema de clasificación o colocación | Estado de daño | No para préstamo | Biblioteca de origen | Biblioteca actual | Ubicación en estantería | Fecha de adquisición | Total de préstamos | Signatura topográfica completa | Código de barras | Visto por última vez | Precio de reemplazo | Tipo de ítem Koha |
|---|---|---|---|---|---|---|---|---|---|---|---|---|---|---|
| Clasificación Decimal Dewey | Biblioteca LadoV | Biblioteca LadoV | 28/10/2017 | 709.6 S954a | 001220 | 28/10/2017 | 28/10/2017 | Material 01 |
